000 00220nam a22000977a 4500
999 _c16282
_d16282
003 OSt
008 200717b ||||| |||| 00| 0 eng d
100 _aRadhakrishnan
_94670
245 _aIndian economic Problems
942 _cBK